Generácia Z - ako zasiahnuť mladé cieľové skupiny diplomová práca

Guardado en:
Detalles Bibliográficos
Autor principal: Belušková, Veronika
Autor Corporativo: Obchodná fakulta EU. Katedra marketingu
Otros Autores: Paholková, Barbora
Formato: Libro
Lenguaje:eslovaco
Publicado: Bratislava 2018
Etiquetas: Agregar Etiqueta
Sin Etiquetas, Sea el primero en etiquetar este registro!

MARC

LEADER 00000nbm a2200000 4500
001 0243257
005 20180817101648.8
041 0 |a slo 
044 |a SK 
245 1 0 |a Generácia Z - ako zasiahnuť mladé cieľové skupiny  |b diplomová práca  |c Veronika Belušková ; školiteľ: Barbora Paholková 
264 1 |a Bratislava  |c 2018 
300 |a 72 s. 
100 1 |a Belušková, Veronika 
700 1 |a Paholková, Barbora 
710 2 |a Obchodná fakulta EU. Katedra marketingu